| 000 | 01066nam a2200277Ia 4500 | ||
|---|---|---|---|
| 999 |
_c5353 _d5353 |
||
| 003 | OSt | ||
| 005 | 20200611095354.0 | ||
| 008 | 191128s1974 sp ad fr 001 0 spa d | ||
| 020 | _a8403182813 | ||
| 040 |
_aCO-JMCR _cCO-JMCR |
||
| 041 | 0 | _aspa | |
| 082 | 0 | 4 |
_a330.0182 / _bP843t _223 |
| 100 | 1 |
_aPulido, Antonio, _eautor _95477 |
|
| 245 | 1 | 0 |
_aTratamiento econométrico de la inversión / _cAntonio Pulido |
| 250 | _aPrimera edición | ||
| 260 |
_aMadrid : _bAguilar, _c1974 |
||
| 300 |
_a219 páginas, [10] hojas plegables : _bgráficos a blanco y negro ; _c21 cm. |
||
| 490 | 0 | _aBiblioteca de Ciencias Sociales. Sección economía | |
| 500 | _aIncluye índice alfabético de autores y materias. | ||
| 504 | _aBibliográfia: páginas 202-209 | ||
| 505 | 0 | _aAntecedentes de una teoría de la inversión -- Implicaciones econométricas de la teoría de la inversión -- Experiencias econométricas con modelos de inversión | |
| 650 | 1 | 4 |
_aModelos econométricos _95178 |
| 650 | 1 | 4 |
_aInversiones _95478 |
| 650 | 1 | 4 |
_aEconometría _95479 |
| 942 |
_2ddc _cBK |
||